Microgrids : architectures and control (Record no. 13582)
[ view plain ]
| 000 -LEADER | |
|---|---|
| fixed length control field | 01041cam a2200265 i 4500 |
| 001 - CONTROL NUMBER | |
| control field | 17785280 |
| 005 - DATE AND TIME OF LATEST TRANSACTION | |
| control field | 20170105102424.0 |
| 008 - FIXED-LENGTH DATA ELEMENTS--GENERAL INFORMATION | |
| fixed length control field | 130620s2014 enka b 001 0 eng |
| 010 ## - LIBRARY OF CONGRESS CONTROL NUMBER | |
| LC control number | 2013023533 |
| 020 ## - INTERNATIONAL STANDARD BOOK NUMBER | |
| International Standard Book Number | 9781118720684 (cloth) |
| 040 ## - CATALOGING SOURCE | |
| Original cataloging agency | DLC |
| Language of cataloging | eng |
| Transcribing agency | DLC |
| Description conventions | rda |
| Modifying agency | DLC |
| 042 ## - AUTHENTICATION CODE | |
| Authentication code | pcc |
| 050 00 - LIBRARY OF CONGRESS CALL NUMBER | |
| Classification number | TK3105 |
| Item number | .M53 2014 |
| 082 00 - DEWEY DECIMAL CLASSIFICATION NUMBER | |
| Classification number | 621.31 |
| Edition number | 23 |
| 245 00 - TITLE STATEMENT | |
| Title | Microgrids : architectures and control |
| Statement of responsibility, etc. | edited by professor Nikos Hatziargyriou. |
| 300 ## - PHYSICAL DESCRIPTION | |
| Extent | xxi, 317 pages : |
| Other physical details | illustrations ; |
| Dimensions | 26 cm |
| 504 ## - BIBLIOGRAPHY, ETC. NOTE | |
| Bibliography, etc. note | Includes bibliographical references and index. |
| 650 #0 - SUBJECT ADDED ENTRY--TOPICAL TERM | |
| Topical term or geographic name entry element | Smart power grids. |
| 650 #0 - SUBJECT ADDED ENTRY--TOPICAL TERM | |
| Topical term or geographic name entry element | Small power production facilities. |
| 700 1# - ADDED ENTRY--PERSONAL NAME | |
| Personal name | Hatziargyriou, Nikos, |
| Relator term | editor of compilation. |
| 776 08 - ADDITIONAL PHYSICAL FORM ENTRY | |
| Relationship information | Online version: |
| Title | Microgrid |
| Place, publisher, and date of publication | Chichester, West Sussex, United Kingdom : John Wiley & Sons Inc., 2013 |
| International Standard Book Number | 9781118720646 |
| Record control number | (DLC) 2013025351 |
| 906 ## - LOCAL DATA ELEMENT F, LDF (RLIN) | |
| a | 7 |
| b | cbc |
| c | orignew |
| d | 1 |
| e | ecip |
| f | 20 |
| g | y-gencatlg |
| 942 ## - ADDED ENTRY ELEMENTS (KOHA) | |
| Source of classification or shelving scheme | |
| Koha item type | Book |
| Withdrawn status | Lost status | Damaged status | Not for loan | Collection code | Permanent Location | Current Location | Shelving location | Date acquired | Source of acquisition | Cost, normal purchase price | Total Checkouts | Total Renewals | Full call number | Barcode | Date last seen | Date last checked out | Price effective from | Koha item type |
|---|---|---|---|---|---|---|---|---|---|---|---|---|---|---|---|---|---|---|
| Central Library (CL) | Central Library (CL) | General Stacks | 05/25/2016 | Progressive International Agencies | 10241.58 | 11 | 6 | 621.31 MIC | SEECS013459 | 05/10/2024 | 10/07/2019 | 05/25/2016 | Book |
